000
00289 a2200121 4500
001
194574
040
_c
Magnum
100
_a
Castilho, Sarah Guimarães de
240
1
0
_a
Faz de conta que é assim
_l
por
245
1
0
_a
Faz de conta que é assim
697
_a
LITERATURA INFANTO
942
_c
BK
999
_c
194574
_d
194574